000 00638nam a2200217 a 4500
001 70147
003 BD-RjUL
005 20211209081953.0
008 170416s19541902enka 001 0 eng d
035 _a(BD-RjUL)70359
040 _aDLC
_cNcRS
_dBD-RjUL
_beng
041 _aeng
082 _223
_a547
_bCOT 1954
100 1 _aCohen, Julius Berend,
_d1859-
_9207753
245 1 0 _aTheoretical organic chemistry /
_cby Julius B. Cohen.
260 _aLondon;
_aNew York :
_bMacmillan,
_c1902 [reprinted 1954].
300 _axv, 622 p. :
_bill. ;
_c18 cm.
500 _aIncludes index
650 0 _aChemistry, Organic.
_9207754
942 _2ddc
_cBK
999 _c70147
_d70147